Veřejná růže = La rose publique : básně /

Hlavní autor: Éluard, Paul, 1895-1952
Jazyk: Čeština
Vydáno: Praha : Mánes, 1936
Fyzický popis: 75 s. ; 8°
Knihy
Uloženo v:
LEADER 00718nam a22002412a 4500
001 000978170
003 CZ BrMZK
005 20091124142858.0
007 ta
008 091118s1936 xr er|||||||||||cze d
015 |a cnb000743568 
035 |a (OCoLC)21258650 
040 |a ABA001  |b cze  |c BOA001  |d ABA001  |d BOA001 
041 1 |a cze  |h fre 
100 1 |a Éluard, Paul,  |d 1895-1952  |7 jn19981000975  |4 aut 
245 1 0 |a Veřejná růže =  |b La rose publique : básně /  |c Paul Eluard ; přeložili Vítězslav Nezval a Bedřich Vaníček 
246 3 1 |a Rose publique 
260 |a Praha :  |b Mánes,  |c 1936 
300 |a 75 s. ;  |c 8° 
500 |a Přeloženo z francouzštiny 
910 |a BOA001  |b 1-0339.830 
990 |a BK 
991 |b 200911